header

ABC of health informatics (Record no. 61499)

MARC details
000 -LEADER
fixed length control field 01882nam a22003614a 4500
082 04 - DEWEY DECIMAL CLASSIFICATION NUMBER
Classification number 610.28
100 1# - MAIN ENTRY--AUTHOR NAME
Personal name Sullivan, Frank
245 10 - TITLE STATEMENT
Title ABC of health informatics
260 ## - PUBLICATION, DISTRIBUTION, ETC. (IMPRINT)
Place of publication Malden, Mass. :
Name of publisher BMJ Books/Blackwell Pub.,
Year of publication 2006.
300 ## - PHYSICAL DESCRIPTION
Number of Pages vii, 46 p. :
Other physical details ill. (some col.).
490 1# - SERIES STATEMENT
Series statement ABC series
505 0# - FORMATTED CONTENTS NOTE
Formatted contents note What is health information? -- Is a consultation needed? -- Why is this patient here today? -- How decision support tools help define clinical problems -- How computers can help to share understanding with patients -- How informatics tools help deal with patients' problems -- How computers help make efficient use of consultations -- Referral or follow-up? -- Keeping up: learning in the workplace -- Improving services with informatics tools -- Communication and navigation around the healthcare system -- eHealth and the future: promise or peril?
650 #0 - SUBJECT ADDED ENTRY--TOPICAL TERM
Topical Term Medical informatics.
700 1# - ADDED ENTRY--PERSONAL NAME
Personal name Wyatt, J.
856 40 - ELECTRONIC LOCATION AND ACCESS
Uniform Resource Identifier http://site.ebrary.com/lib/rucke/Doc?id=10308097

No items available.

© 2026 Rongo University
Contact us: librarian | system librarian | Rongo university